Library of the University of Algiers 3
Ibrahim Sultan Cheibout
شعار جامعة الجزائر 3
مكتبة جامعة الجزائر 3
إبراهيم سلطان شيبوط

حوكمة الشركات : (رقم التسجيلة. 45564)

تفاصيل مارك
000 -LEADER
fixed length control field 01024nam a2200241Ia 4500
003 - CONTROL NUMBER IDENTIFIER
control field Ost
005 - DATE AND TIME OF LATEST TRANSACTION
control field 20260507075650.0
008 - FIXED-LENGTH DATA ELEMENTS--GENERAL INFORMATION
fixed length control field 260507s9999||||xx |||||||||||||| ||und||
020 ## - INTERNATIONAL STANDARD BOOK NUMBER
International Standard Book Number 7485433977
040 ## - CATALOGING SOURCE
Transcribing agency fsecg
041 ## - LANGUAGE CODE
Language code of text/sound track or separate title ara
082 ## - DEWEY DECIMAL CLASSIFICATION NUMBER
Classification number 358.04
100 ## - MAIN ENTRY--PERSONAL NAME
Personal name حماد، طارق عبد العال
Relator term مؤلف
245 #0 - TITLE STATEMENT
Title حوكمة الشركات :
Remainder of title المفاهيم-المبادئ-التجارب -تطبيقات الحوكمة في المصارف /
Statement of responsibility, etc. طارق عبد العال حماد
260 ## - PUBLICATION, DISTRIBUTION, ETC.
Place of publication, distribution, etc. الإسكندرية:
Name of publisher, distributor, etc. الدار الجامعية للنشر والتوزيع,
Date of publication, distribution, etc. 2005
300 ## - PHYSICAL DESCRIPTION
Extent 819 صفحة؛
Other physical details إيضاحات ؛
Dimensions 25 سم
504 ## - BIBLIOGRAPHY, ETC. NOTE
Bibliography, etc. note المراجع ص803.
520 ## - SUMMARY, ETC.
Summary, etc. حوكمة الشركات( المفاهيم، الخصائص، المبادئ-الركائز) - تطبيقات حوكمة الشركات في المصارف.
653 ## - INDEX TERM--UNCONTROLLED
Uncontrolled term الشركات- تنظيم و إدارة
653 ## - INDEX TERM--UNCONTROLLED
Uncontrolled term المصارف
653 ## - INDEX TERM--UNCONTROLLED
Uncontrolled term حوكمة الشركات
942 ## - ADDED ENTRY ELEMENTS (KOHA)
Koha item type كتب

لا توجد مواد متاحة.

موارد الويب المفتوحة


© University of Algiers 3 All Rights Reserved
|
Implemented by LECHELAH Riad